| 000 | 003660000a22001570004500 | ||
|---|---|---|---|
| 005 | 20120302060412.0 | ||
| 942 | _cBOOK | ||
| 100 | _a Suru,Na.Go. | ||
| 245 | _a Laxmi-Narsimha Devasthaan | ||
| 260 | _aPune:Na.Go.Suru,1980. | ||
| 300 | _a134p. | ||
| 040 | _aMAR | ||
| 365 | _b10/- | ||
| 650 | _aDharmika Vaangamaya | ||
| 650 | _aKshetra-Laxmi Narsimha Devasthaan | ||
| 999 |
_c351086 _d351083 |
||